Better business speech : techniques and shortcuts for public speaking at work /

Bibliographic Details
Main Author: Geiger, Paul, 1959- (Author)
Format: eBook
Language:English
Published: Lanham, Maryland : Rowman & Littlefield Publishers, 2017.
Subjects:
Online Access:Click to View
LEADER 01732nam a2200409 i 4500
001 EBC5059911
003 MiAaPQ
005 20200520144314.0
006 m o d |
007 cr cnu||||||||
008 171020t20172017mdua o b 001 0 eng d
020 |z 9781538102053 
020 |a 9781538102060 (e-book) 
035 |a (MiAaPQ)EBC5059911 
035 |a (Au-PeEL)EBL5059911 
035 |a (CaPaEBR)ebr11446740 
035 |a (OCoLC)1000300064 
040 |a MiAaPQ  |b eng  |e rda  |e pn  |c MiAaPQ  |d MiAaPQ 
050 4 |a PN4192.B87  |b .G45 2017 
082 0 |a 808.5/1  |2 23 
100 1 |a Geiger, Paul,  |d 1959-  |e author. 
245 1 0 |a Better business speech :  |b techniques and shortcuts for public speaking at work /  |c Paul Geiger. 
264 1 |a Lanham, Maryland :  |b Rowman & Littlefield Publishers,  |c 2017. 
264 4 |c 2017 
300 |a 1 online resource (150 pages) :  |b illustrations 
336 |a text  |2 rdacontent 
337 |a computer  |2 rdamedia 
338 |a online resource  |2 rdacarrier 
504 |a Includes bibliographical references and index. 
588 |a Description based on print version record. 
590 |a Electronic reproduction. Ann Arbor, MI : ProQuest, 2016. Available via World Wide Web. Access may be limited to ProQuest affiliated libraries. 
650 0 |a Public speaking. 
650 0 |a Business presentations. 
655 4 |a Electronic books. 
776 0 8 |i Print version:  |a Geiger, Paul, 1959-  |t Better business speech : techniques and shortcuts for public speaking at work.  |d Lanham, Maryland : Rowman & Littlefield Publishers, c2017   |h viii, 149 pages   |z 9781538102053   |w 2017008416 
797 2 |a ProQuest (Firm) 
856 4 0 |u https://ebookcentral.proquest.com/lib/matrademy/detail.action?docID=5059911  |z Click to View